| 000 | 01006nam a2200325 a 4500 | ||
|---|---|---|---|
| 999 |
_c7455 _d7455 |
||
| 001 | 991014323709706706 | ||
| 003 | OSt | ||
| 005 | 20211130123109.0 | ||
| 008 | 021015s2002 sp |||||| 000 |acat | ||
| 015 |
_aLL2002 _2bnc |
||
| 017 |
_aDL B. 13339-2002 _bBiblioteca de Catalunya |
||
| 020 | _a8427310498 | ||
| 035 | _a(ES-BaCBU)b28512819-34csuc_network | ||
| 035 | _a(ES-BaCBU).b28512819 | ||
| 035 | _a(ccuc001)b28512819 | ||
| 035 | _a(OCoLC)807675736 | ||
| 040 |
_aES-BaBC _bcat _cES-BaBC _dCDMR |
||
| 080 | _a929Serra, Antoni | ||
| 100 | 1 | _aSerra, Antoni, | |
| 245 | 1 | 0 |
_aNo hi ha quart poder : _bmemòries periodístiques del meu temps de glòria / _cAntoni Serra |
| 260 |
_aMallorca : _bMoll, _c2002 |
||
| 300 |
_a222 p. ; _c22 cm |
||
| 490 | 1 |
_aTomir ; _v49 |
|
| 600 | 1 | 7 |
_aSerra, Antoni, _2lemac |
| 830 | 0 |
_aTomir ; _v49 |
|
| 907 |
_a.b28512819 _b21-06-21 _c08-05-08 _d07-05-08 _em _fa _g- _hcat _isp _j0 _k4 |
||
| 908 |
_aBMON _aBC _aUAB _aUPF _aUVic-UCC _aUB |
||
| 940 | _aBC | ||
| 942 |
_2udc _cMON |
||